00381nam a2200133Ia 450000100060000000800410000604000130004708200160006010000390007624500720011526000420018730000110022954600070024027811140414s9999 xx 000 0 und d cPK-LaUMT a 297bMUH-I aMuhammad Tahir ul Qadri, Professor aIslami falsafa-e-zindhgi (Urdu)cMuhammad Tahir ul Qadri, Professor aLahore,Pakistan:bMaktaba Imtiaz,cNA a199 p. aEN